Diccionario filosófico / (Record no. 141576)

MARC details
000 -LEADER
campo de control de longitud fija 00762nam a2200229 i 4500
001 - NÚMERO DE CONTROL
campo de control 141576
003 - IDENTIFICADOR DE NÚMERO DE CONTROL
campo de control ES-MaACL
005 - FECHA Y HORA DE LA ÚLTIMA TRANSACCIÓN
campo de control 20250716063308.0
007 - CAMPO FIJO DE DESCRIPCIÓN FÍSICA--INFORMACIÓN GENERAL
campo de control de longitud fija t|
008 - DATOS DE LONGITUD FIJA--INFORMACIÓN GENERAL
campo de control de longitud fija 070925s1976 sp d |||| | spa d
100 0# - ENTRADA PRINCIPAL--NOMBRE DE PERSONA
Nombre de persona Voltaire,
Fechas asociadas al nombre 1694-1778
9 (RLIN) 115721
245 10 - MENCIÓN DEL TÍTULO
Título Diccionario filosófico /
Mención de responsabilidad, etc. Voltaire ; edición y prólogo de Luis Martínez Drake ; traducción de José Areán-Fernández y Luis Martínez Drake.
260 ## - PUBLICACIÓN, DISTRIBUCIÓN, ETC.
Lugar de publicación, distribución, etc. [Madrid] :
Nombre del editor, distribuidor, etc. Akal,
Fecha de publicación, distribución, etc. [1976]
300 ## - DESCRIPCIÓN FÍSICA
Extensión 382 p. ;
Dimensiones 22 cm.
490 1# - MENCIÓN DE SERIE
Mención de serie Manifiesto
650 04 - PUNTO DE ACCESO ADICIONAL DE MATERIA--TÉRMINO DE MATERIA
Término de materia o nombre geográfico como elemento de entrada Filosofía-
Subdivisión de forma Diccionarios.
9 (RLIN) 12806
700 1# - ENTRADA AGREGADA--NOMBRE PERSONAL
Nombre de persona Martínez Drake, Luis.
9 (RLIN) 78063
700 1# - ENTRADA AGREGADA--NOMBRE PERSONAL
Nombre de persona Areán Fernández, José.
9 (RLIN) 22565
830 0# - PUNTO DE ACCESO ADICIONAL DE SERIE-TÍTULO UNIFORME
Título uniforme Manifiesto
9 (RLIN) 187216
852 ## - LOCALIZACIÓN
Ubicación ES-MaACL
Número de control de estantería A-5571
Holdings
Estatus retirado Estado de pérdida Estado de daño No para préstamo Colección Biblioteca de origen Biblioteca actual Ubicación en estantería Fecha de adquisición Fuente de adquisición Total de préstamos Signatura topográfica completa Código de barras Visto por última vez Precio de reemplazo Tipo de ítem Koha
        Colección de referencia Biblioteca del Ateneo de Madrid Biblioteca del Ateneo de Madrid Sala Pecera Planta 1 17/01/2008     A-5571 1147313 23/02/2023 23/02/2023 Libro impreso